Effect of potassium and magnesium interaction on soil properties and growth of immature Hevea brasiliensis in Assam (Record no. 47204)

MARC details
000 -LEADER
fixed length control field 01802nam a2200325Ia 4500
100 ## - MAIN ENTRY--AUTHOR NAME
Personal name Singh R P
245 #0 - TITLE STATEMENT
Title Effect of potassium and magnesium interaction on soil properties and growth of immature Hevea brasiliensis in Assam
260 ## - PUBLICATION, DISTRIBUTION, ETC. (IMPRINT)
Name of publisher Natural Rubber Research
Year of publication 2005
300 ## - PHYSICAL DESCRIPTION
Number of Pages 161-171
520 ## - SUMMARY, ETC.
Summary, etc Two field experiments were conducted for eight consecutive years (1987-1995) at two locations in Assam to assess the influence of potassiuma and magnesium and their interaction on growth, yield and nutrient contents of rubber (Hevea brasiliensis). Girth and girth increment did not show significant improvement due to application of K and Mg but it significantly increased their contents in leaf and had synergistic effect on leaf N and P contents. Application of K significantly increased the availability of K. Also increased the availability of P and organic carbon content and reduced the availability of Ca and Mg. Similarly application of Mg improved the Mg availability as well as organic carbon and available P and Ca. Antagonism between K and Mg was expressed in soil as well as in leaf. Addition of K reduced the Mg availability in soil and Mg concentration in leaf. Conversely addition of Mg reduced the soil available K and leaf K concentration.
650 ## - SUBJECT ADDED ENTRY--TOPICAL TERM
Topical Term Growth
650 ## - SUBJECT ADDED ENTRY--TOPICAL TERM
Topical Term Growth
650 ## - SUBJECT ADDED ENTRY--TOPICAL TERM
Topical Term Immature phase
650 ## - SUBJECT ADDED ENTRY--TOPICAL TERM
Topical Term Immature phase
650 ## - SUBJECT ADDED ENTRY--TOPICAL TERM
Topical Term Magnesium
650 ## - SUBJECT ADDED ENTRY--TOPICAL TERM
Topical Term Magnesium
650 ## - SUBJECT ADDED ENTRY--TOPICAL TERM
Topical Term Nutrients
650 ## - SUBJECT ADDED ENTRY--TOPICAL TERM
Topical Term Nutrients
650 ## - SUBJECT ADDED ENTRY--TOPICAL TERM
Topical Term Potassium
650 ## - SUBJECT ADDED ENTRY--TOPICAL TERM
Topical Term Potassium
650 ## - SUBJECT ADDED ENTRY--TOPICAL TERM
Topical Term Soil characteristics
650 ## - SUBJECT ADDED ENTRY--TOPICAL TERM
Topical Term Soil characteristics
700 ## - ADDED ENTRY--PERSONAL NAME
Personal name Gupta C K
700 ## - ADDED ENTRY--PERSONAL NAME
Personal name Joseph M
700 ## - ADDED ENTRY--PERSONAL NAME
Personal name Krishnakumar A K
700 ## - ADDED ENTRY--PERSONAL NAME
Personal name Mandal D
700 ## - ADDED ENTRY--PERSONAL NAME
Personal name Sarma A C
942 ## - ADDED ENTRY ELEMENTS (KOHA)
Koha item type Articles
Holdings
Withdrawn status Lost status Damaged status Not for loan Home library Current library Shelving location Date acquired Serial Enumeration / chronology Koha item type
      Articles RRII Library RRII Library Agronomy 20/12/2006 Volume 18, Issue 2 Articles